000
00294nam a22001337a 4500
008
180815b xxu||||| |||| 00| 0 eng d
020
_a
9780321572110
041
_a
eng
080
_2
5 ed
_a
51
100
_a
38
101
_a
mat
245
_a
intermediate algebra
_c
gay.e.m
942
_2
udc
_c
BK
999
_c
47185
_d
47185